00358nam a2200133Ia 4500008004100000020001600041041001200057082001600069100001700085245006200102260004500164300000800209650000700217221030s9999 xx 000 0 und d a81.73180075 aEnglish a105.23bDar aC. R. Dargan 0aElectrical Installation Design & Drawingcby C. R. Dargan bNew Age International Pub.aNew Delhic0 a224 aEE